Mixed Word: Movies with a Common Bond II Quiz Stats

 Plays Quiz Updated Oct 14, 2016

Challenge
Share
Tweet
Embed
Score 0/16 Timer 04:00
8 Plays Today
Hint Answer % Correct
NI HET NILE FO REIFIN THE LINE OF FIRE
93.8%
TINAP ROYU GAWONPAINT YOUR WAGON
90.9%
FRO A WFE LDORALS ERMOFOR A FEW DOLLARS MORE
85.6%
NAGH ME GIHHHANG 'EM HIGH
84.6%
TRYDI RYHARDIRTY HARRY
83.8%
VEERY CHIHW YWA TUB OOLESEVERY WHICH WAY BUT LOOSE
82.3%
LIMILNO RALDOL BYABMILLION DOLLAR BABY
80.6%
YPAL STYMI FRO EMPLAY MISTY FOR ME
75%
Hint Answer % Correct
Actor starring in these films:CLINT EASTWOOD
74.4%
CRANSIF NI HET VYNAFRANCIS IN THE NAVY
63.5%
CAPES SCWOOBYSPACE COWBOYS
59.5%
CROONB LYLIBBRONCO BILLY
55.8%
HEWRE GELASE READWHERE EAGLES DARE
51.9%
LOTUSABE WOPERABSOLUTE POWER
35.4%
LYKELS SHOREEKELLY'S HEROES
31.6%
HEPORTTGITIGHTROPE
10.7%

You're not logged in!

Compare scores with friends on all Sporcle quizzes.
OR
Log In

You Might Also Like...

Show Comments

Extras

Top Quizzes Today


Score Distribution

Your Account Isn't Verified!

In order to create a playlist on Sporcle, you need to verify the email address you used during registration. Go to your Sporcle Settings to finish the process.

Report this User

Report this user for behavior that violates our Community Guidelines.

Details: